000 00415nam a22001577a 4500
003 PILC
005 20151016075338.0
008 151016b xxu||||| |||| 00| 0 eng d
020 _a9780345453839
050 _aPZ 7
_b.G244 2004
100 _aGarwood, Julie.
245 _aMurder list /
_cJulie Garwood.
260 _aNew York :
_bBallantine Books,
_c2004.
300 _a436 pages ;
_c19 cm.
942 _2lcc
_cBK
_kFOR
999 _c288868
_d288868